<?xml version="1.0" encoding="UTF-8"?><?xml-stylesheet type="text/xsl" href="static/style.xsl"?><OAI-PMH xmlns="http://www.openarchives.org/OAI/2.0/" xmlns:xsi="http://www.w3.org/2001/XMLSchema-instance" xsi:schemaLocation="http://www.openarchives.org/OAI/2.0/ http://www.openarchives.org/OAI/2.0/OAI-PMH.xsd"><responseDate>2026-04-17T11:38:11Z</responseDate><request verb="GetRecord" identifier="oai:www.recercat.cat:2117/22293" metadataPrefix="marc">https://recercat.cat/oai/request</request><GetRecord><record><header><identifier>oai:recercat.cat:2117/22293</identifier><datestamp>2025-07-17T12:40:12Z</datestamp><setSpec>com_2072_1033</setSpec><setSpec>col_2072_452950</setSpec></header><metadata><record xmlns="http://www.loc.gov/MARC21/slim" xmlns:dcterms="http://purl.org/dc/terms/" xmlns:xsi="http://www.w3.org/2001/XMLSchema-instance" xmlns:doc="http://www.lyncode.com/xoai" xsi:schemaLocation="http://www.loc.gov/MARC21/slim http://www.loc.gov/standards/marcxml/schema/MARC21slim.xsd">
   <leader>00925njm 22002777a 4500</leader>
   <datafield ind2=" " ind1=" " tag="042">
      <subfield code="a">dc</subfield>
   </datafield>
   <datafield ind2=" " ind1=" " tag="720">
      <subfield code="a">Serri, Víctor</subfield>
      <subfield code="e">author</subfield>
   </datafield>
   <datafield ind2=" " ind1=" " tag="720">
      <subfield code="a">Romero Morales, Enrique Edgar</subfield>
      <subfield code="e">author</subfield>
   </datafield>
   <datafield ind2=" " ind1=" " tag="720">
      <subfield code="a">Lloret Morancho, Antonio</subfield>
      <subfield code="e">author</subfield>
   </datafield>
   <datafield ind2=" " ind1=" " tag="720">
      <subfield code="a">Suriol Castellví, Josep</subfield>
      <subfield code="e">author</subfield>
   </datafield>
   <datafield ind2=" " ind1=" " tag="720">
      <subfield code="a">Alonso Pérez de Agreda, Eduardo</subfield>
      <subfield code="e">author</subfield>
   </datafield>
   <datafield ind2=" " ind1=" " tag="260">
      <subfield code="c">2013</subfield>
   </datafield>
   <datafield ind2=" " ind1=" " tag="520">
      <subfield code="a">A new experimental apparatus -emulating the annular shape of the ring shear- has been designed and developed at the Universitat Politecnica de Catalunya to study fast sliding processes promoted by heat induced friction. This mechanism, which involves pore water pressu regeneration and dissipation in the shear band being heated by the frictional work of the sliding motion, has been an accepted explanation for the high velocity reached in the case of Vajont landslide. Nevertheless, lack of in situ and experimental information has become one of the main drawbacks when trying to explain these coupled processes . The prototype, which incorporates electronic control of torque and speed to emulate force and displacement control conditions, can reach high velocity along the sliding surface (up to 30 km/h and of the order of magnitude of the Vajont case) under relatively&#xd;
high total vertical stresses (up to 3 MPa). The design of this complex prototype and the selection of transducers require the use of simulation-aided techniq ues to help with the interpretation of these&#xd;
coupled thermo-hydro-mechanical processes. The paper presents the coupled formulation, the numerical solution adopted and the simplified geometry used for the equipment, as well as selected results of the pore pressure, temperature and shear strength evolutions along the sliding surface of a synthetic fast sliding test. These results are used to better know the location, range, sensitivity and fast response required for the temperature and pore pressure transducers, which are located close to the sliding surface.</subfield>
   </datafield>
   <datafield ind2=" " ind1=" " tag="520">
      <subfield code="a">Postprint (published version)</subfield>
   </datafield>
   <datafield tag="653" ind2=" " ind1=" ">
      <subfield code="a">Àrees temàtiques de la UPC::Enginyeria civil::Geologia::Riscos geològics</subfield>
   </datafield>
   <datafield tag="653" ind2=" " ind1=" ">
      <subfield code="a">Landslides--Measurement</subfield>
   </datafield>
   <datafield tag="653" ind2=" " ind1=" ">
      <subfield code="a">thermo-hydro-mechanical analysis</subfield>
   </datafield>
   <datafield tag="653" ind2=" " ind1=" ">
      <subfield code="a">fast landslide</subfield>
   </datafield>
   <datafield tag="653" ind2=" " ind1=" ">
      <subfield code="a">fast sliding ring shear apparatus</subfield>
   </datafield>
   <datafield tag="653" ind2=" " ind1=" ">
      <subfield code="a">Esllavissades</subfield>
   </datafield>
   <datafield ind2="0" ind1="0" tag="245">
      <subfield code="a">Thermo-hydro-mechanical analysis of rapid sliding process in a new and fast ring shear prototype</subfield>
   </datafield>
</record></metadata></record></GetRecord></OAI-PMH>